الأعمال الكاملة / (Record no. 17418)
[ view plain ]
| 000 -الفاتح | |
|---|---|
| حقل البيانات ثابتة الطول | 01406cam a22002894a 4500 |
| 003 - محدد رقم الضبط | |
| رقم الضبط | EG-ScBUE |
| 005 - وقت وتاريخ اخر تعامل مع التسجيلة | |
| رقم الضبط | 20211202115124.0 |
| 008 - عناصر البيانات ثابتة الطول - معلومات عامة | |
| حقل البيانات ثابتة الطول | 100420n200u le f 000 pbara d |
| 020 ## - الرقم الدولى المعيارى للكتب | |
| الرقم الدولى المعيارى للكتاب | 9945750112 |
| 040 ## - مصدر الفهرسة | |
| وكالة الفهرسة الأصلية | EG-ScBUE |
| لغة الفهرسة | ara |
| قواعد الوصف | rda |
| وكالة التعديل | EG-ScBUE |
| وكالة النسخ | EG-ScBUE |
| 082 04 - رقم تصنيف ديوى العشرى | |
| رقم التصنيف | 892.786 |
| رقم المادة | ج ا هـ |
| رقم الطبعة | 22 |
| 100 1# - المدخل الرئيسى - إسم شخصى | |
| الإسم الشخصى | جاهين، صلاح، |
| التواريخ المصاحبة للاسم | 1930-1986، |
| الدور | مؤلف. |
| 9 (RLIN) | 33028 |
| 245 12 - بيان العنوان | |
| العنوان | الأعمال الكاملة / |
| بيان المسئوليه,etc | صلاح جاهين. |
| 264 #1 - النشر، التوزيع | |
| مكان الناشر او الموزع | بيروت : |
| اسم الناشر او الموزع | دار الصفوة، |
| تاريخ النشر أو التوزيع | [200-] |
| 300 ## - الوصف المادى | |
| التعداد | 608 صفحة ؛ |
| أبعاد الوعاء | 24 سم |
| 336 ## - نوع المحتوى | |
| source | rdacontent |
| Carrier Type Term | نص |
| Content Type Code | txt |
| 337 ## - نوع الوسيط | |
| source | rdamedia |
| Media Type Term | بدون وسيط |
| Media Type Code | n |
| 338 ## - نوع الحامل أو الناقل | |
| source | rdacarrier |
| Carrier Type Term | مجلد |
| Carrier Type Code | nc |
| 505 ## - تبصرة محتويات-الفهرس | |
| تبصرة المحتويات المصاغة | المحتويات : السيرة الذاتية -- الرباعيات -- المسرحيات -- الأزجال -- العامية المصرية -- الأغانى -- المنوعات الغنائية. |
| 520 ## - التبصرة الخاصة بالتعليق أو التلخيص | |
| ملخص,الخ | الكتاب يتكلم عن صلاح جاهين الطفل والفنان والزوج وعن أعماله من المسرحيات والشعر والأزجال والأغانى والعامية المصرية والرباعيات وغيرها. |
| 650 #7 - المدخل الاضافى بالموضوع-مصطلح موضوعى | |
| مصطلح موضوعي أو اسم جغرافي كعنصر مدخل | الشعر العربي |
| التقسيم الفرعي الزمني | قرن 20. |
| مصدر الرأس أو المصطلح | BUEsh |
| 9 (RLIN) | 33029 |
| 650 #7 - المدخل الاضافى بالموضوع-مصطلح موضوعى | |
| مصطلح موضوعي أو اسم جغرافي كعنصر مدخل | الأدباء العرب |
| التقسيم الفرعي الجغرافي | مصر |
| التقسيم الفرعي الشكلي | تراجم. |
| مصدر الرأس أو المصطلح | BUEsh |
| 9 (RLIN) | 33031 |
| 651 ## - المدخل الاضافى بالموضوع - اسم جغرافى | |
| مصدر الرأس أو المصطلح | BUEsh |
| 653 ## - مصطلح تكشيفى غير مقيد | |
| Arrived date list | April2013 |
| Resource For college | Arabic Literature |
| 655 ## - مصطلح تكشيفى-نوع/شكل | |
| التقسيم الفرعي الشكلي | Reading book |
| -- | 34232 |
| 942 ## - عناصر المدخل الإضافي( كوها) | |
| مصدر التصنيف او مخطط الترفيف | Dewey Decimal Classification |
| Koha [default] item type | Book - Borrowing |
| سابقة رقم الطلب | 892.786 ج ا هـ |
| حالة التراجع | حالة الفقد | مصدر التصنيف او خطة الترفيف | حالة تلف | ليس للاعارة | مجموعات كوها | المكان الدائم | المكان الحالي | موقع الترفيف | تاريخ الاكتساب | Source of acquisition | سعر الشراء الطبيعي | رقم الاستدعاء | الباركود | Date last seen | مُعار | التكلفة | نوع الوعاء |
|---|---|---|---|---|---|---|---|---|---|---|---|---|---|---|---|---|---|
| Dewey Decimal Classification | سور الازبكية | Central Library | Central Library | Second Floor | 07/04/2013 | 20.00 | 892.786 ج ا هـ | 000028658 | 15/07/2025 | 24/12/2020 | 25.00 | Book - Borrowing |